Estructuralismo y Marxismo

Guardat en:
Dades bibliogràfiques
Autor principal: Trías
Format: Llibre
Idioma:Undetermined
Publicat: Barcelona, España Ediciones Martínez Roca 1973
Edició:3
Matèries:
Etiquetes: Afegir etiqueta
Sense etiquetes, Sigues el primer a etiquetar aquest registre!

MARC

LEADER 00000nam a2200000Ia 4500
008 170316s9999 xx 000 0 und d
090 |a 100 T-17e 
100 |a Trías 
245 |a Estructuralismo y Marxismo 
250 |a 3 
260 |a Barcelona, España 
260 |b Ediciones Martínez Roca 
260 |c 1973 
300 |a 285 páginas 
650 |a FILOSOFÍA 
650 |a POLÍTICA 
999 |c 17748  |d 17748 
040 |a cru BVZT 
942 |c 15 D  |h 100 T-17e  |2 z